Клиническая и экспериментальная иридология (Запис № 313030)
[ простий вигляд ]
| 000 -Лідер | |
|---|---|
| fixed length control field | 00707nam a22002777a 4500 |
| 003 - Ідентифікатор контрольного номера | |
| control field | UA-OsUOA |
| 001 - Контрольний номер | |
| control field | 26702 |
| 007 - Фіксоване поле фізичного опису | |
| fixed length control field | ta |
| 008 - Елементи даних фіксованої довжини – загальна інформація | |
| fixed length control field | 20040608b un ||||| |||| 00| 0 ukr d |
| 090 ## - Локальний шифр розміщення | |
| Класифікаційний індекс УДК | 611 |
| Авторський знак (НП) | П64 |
| 040 ## - Джерело каталогізації | |
| Агенція оригінальної каталогізації | UA-OsUOA |
| Мова каталогізації | rus |
| Агенція, яка здійснювала перезапис | UA-OsUOA |
| Агенція, яка здійснювала модифікацію | UA-OsUOA |
| 041 ## - Код мови | |
| Код мови тексту/ звукової доріжки чи окремого заголовка (П) | rus |
| 080 ## - Індекс Універсальної десяткової класифікації | |
| Індекс Універсальної десяткової класифікації (УДК) (НП) | 611 |
| 020 ## - Міжнародний стандартний книжковий номер (ISBN) | |
| Міжнародний стандартний книжковий номер (ISBN) (НП) | 5-12-004178-7 |
| 044 ## - Код країни видавця/ виробника | |
| Код країни видавця/ виробника (П) | UA |
| 100 ## - Основне введення – ім’я особи | |
| Ім’я особи (НП) | Потебня Г.П |
| 245 ## - Відомості про назву | |
| Назва (НП) | Клиническая и экспериментальная иридология |
| 260 ## - Публікація, розповсюдження і т.п. (Вихідні дані) | |
| Місце публікації, розповсюдження і т.п. (П) | Киев |
| Ім’я/ наймення видавництва, розповсюджувача і т.п. (П) | Наукова думка |
| Дата публікації, розповсюдження і т.п. (П) | 1995 |
| 300 ## - Фізичний опис | |
| Обсяг | 262 с. |
| 650 #7 - Додаткове предметне введення – тематичний термін | |
| Джерело заголовка чи терміна | UDC |
| 700 ## - Додаткове введення – ім'я особи | |
| Ім’я особи (НП) | Лисовенко Г.С. |
| 700 ## - Додаткове введення – ім'я особи | |
| Ім’я особи (НП) | Кривенко В.В |
| 942 ## - Додаткові елементи входу (Коха) | |
| Тип елемента Koha | Книги |
| 955 ## - Код типу видання за змістом | |
| Код типу видання за змістом (НП) | інше |
| Стан вилучень | Стан втрат | Джерело класифікації або схеми стелажів | Стан уражень | Не для кредиту | Постійне місце розташування | Поточне розміщення | Дата придбання | Інвентарний номер | Усього замовленно | Повний номер виклику | Штрих-код | Дата останнього перегляду | Ціна ефективна від | Тип елемента Koha | Вартість, звичайна ціна покупки |
|---|---|---|---|---|---|---|---|---|---|---|---|---|---|---|---|
| Universal Decimal Classification | АБ - Абонемент НБ | АБ - Абонемент НБ | 21/08/2006 | 52450 | 611 П64 | 52450 | 24/12/2021 | 08/06/2004 | Книги | ||||||
| Universal Decimal Classification | АБ - Абонемент НБ | АБ - Абонемент НБ | 21/08/2006 | 52452 | 611 П64 | 52452 | 24/12/2021 | 08/06/2004 | Книги | ||||||
| Universal Decimal Classification | ЧЗ - Читальна зала | ЧЗ - Читальна зала | 08/06/2004 | 69359 | 611 П64 | 69359 | 07/02/2022 | 08/06/2004 | Книги | 20.00 | |||||
| Universal Decimal Classification | ЧЗ - Читальна зала | ЧЗ - Читальна зала | 08/06/2004 | 69360 | 611 П64 | 69360 | 07/02/2022 | 08/06/2004 | Книги | 14.00 | |||||
| Universal Decimal Classification | ЧЗ - Читальна зала | ЧЗ - Читальна зала | 08/06/2004 | 69361 | 611 П64 | 69361 | 07/02/2022 | 08/06/2004 | Книги | 35.88 | |||||
| Universal Decimal Classification | ЧЗ - Читальна зала | ЧЗ - Читальна зала | 08/06/2004 | 69362 | 611 П64 | 69362 | 07/02/2022 | 08/06/2004 | Книги | 35.88 | |||||
| Universal Decimal Classification | ЧЗ - Читальна зала | ЧЗ - Читальна зала | 08/06/2004 | 69363 | 611 П64 | 69363 | 07/02/2022 | 08/06/2004 | Книги | 35.88 |